000 00797nam a2200205 a 4500
001 000036743
005 20251112100403.0
008 120127s1941 ag 000 0 spa d
040 _aDO-SdBNP
_bspa
_cBNPHU
100 1 _aAntokoletz, Daniel
_963067
245 1 0 _aTratado de legislación del trabajo y previsión social :
_bcon referencias especiales al derecho argentino y de las demás repúblicas americanas /
_cpor el Dr. Daniel Antokoletz.
260 _aBuenos Aires :
_bGuillermo Kraft Ltda.,
_c1941.
300 _a2 v. ;
_c23 cm.
500 _aBiblioteca tiene tomo II
504 _aBibliografía al final de cada capítulo.
650 2 0 _a
_963068
650 2 4 _aLegislación laboral
_zArgentina
_963069
650 2 4 _aSeguro social
_zArgentina
_963070
650 2 4 _aLeyes y legislación
_963071
999 _c36234
_d36234